[Event "AUTO-OPEN-4123"]
[Site "http://www.queenalice.com/game.php?id=1594383"]
[Date "2019.12.27"]
[Round "1"]
[White "echo92"]
[Black "musampa"]
[Result "0-1"]
[WhiteElo "2116"]
[BlackElo "1982"]

1. e4 e5 2. Nf3 Nc6 3. Bb5 d6 4. d4 exd4 5. Nxd4 Bd7 6. O-O a6 7. Bc4 g6 8. Be3
Bg7 9. Re1 Nf6 10. Nc3 Qe7 11. Bg5 h6 12. Nd5 Qd8 13. Bh4 g5 14. Nxc6 bxc6 15.
Nxf6+ Bxf6 16. Qh5 Qe7 17. Bg3 O-O 18. Qg6+ Bg7 19. Qh5 Be6 20. Bd3 Rab8 21. e5
d5 22. h4 Rb4 23. c3 Rg4 24. Bxa6 gxh4 25. Bh2 Rg6 26. Qf3 h3 27. g3 Bg4 28. Qf4
h5 29. Bd3 Bh6 30. Qa4 Re6 31. f4 c5 32. b4 c4 33. Bf1 f6 34. exf6 Qxf6 35. Rxe6
Qxe6 0-1

[Event "Challenge"]
[Site "http://www.queenalice.com/game.php?id=1597839"]
[Date "2020.1.30"]
[Round "-"]
[White "colatina"]
[Black "echo92"]
[Result "0-1"]
[WhiteElo "1800"]
[BlackElo "2116"]

1. e4 c5 2. Nc3 Nc6 3. Nf3 d6 4. Bb5 g6 5. Bxc6+ bxc6 6. e5 Bg7 7. exd6 exd6 8.
d4 cxd4 9. Nxd4 Ne7 10. Qf3 Bxd4 11. Bg5 d5 12. Bf6 Bxf6 13. Qxf6 O-O 14. h4 Re8
15. O-O-O Rb8 16. Qf4 Qb6 17. b3 Qb4 18. Qxb4 Rxb4 19. h5 Rg4 20. hxg6 hxg6 21.
Rd3 Rxg2 22. Rdh3 Bxh3 23. Rxh3 Rxf2 24. b4 Nf5 25. b5 d4 26. Nd1 Rf1 27. Rh2
Ree1 28. bxc6 Rxd1+ 29. Kb2 Nd6 30. Ka3 Rb1 31. c7 Rf3+ 32. Ka4 a5 33. a3 Nc8
34. Rd2 Nb6+ 0-1

[Event "AUTO-OPEN-4098"]
[Site "http://www.queenalice.com/game.php?id=1608930"]
[Date "2020.4.23"]
[Round "2"]
[White "echo92"]
[Black "Artking"]
[Result "1-0"]
[WhiteElo "2108"]
[BlackElo "1948"]

1. d4 Nf6 2. c4 g6 3. Nc3 Bg7 4. e4 d6 5. Nf3 Nbd7 6. Be2 c6 7. O-O e5 8. d5 c5
9. a3 a6 10. b4 b6 11. Rb1 O-O 12. Ne1 h6 13. Nd3 Qe8 14. Be3 Kh7 15. bxc5 bxc5
16. Qd2 Ng8 17. f3 f5 18. Na4 fxe4 19. fxe4 Ndf6 20. Nc3 Ng4 21. Rxf8 Bxf8 22.
Bxg4 Bxg4 23. Rb7+ Bg7 24. Qf2 Nf6 25. Qxf6 Qg8 26. Bxh6 1-0

[Event "AUTO-OPEN-4098"]
[Site "http://www.queenalice.com/game.php?id=1608931"]
[Date "2020.4.23"]
[Round "2"]
[White "Artking"]
[Black "echo92"]
[Result "0-1"]
[WhiteElo "1958"]
[BlackElo "2100"]

1. e4 c5 2. Nf3 Nc6 3. d4 cxd4 4. Nxd4 Nf6 5. Nc3 e5 6. Ndb5 d6 7. Bg5 a6 8. Na3
b5 9. Bxf6 gxf6 10. Nd5 f5 11. Bd3 Be6 12. Nxb5 axb5 13. Bxb5 Rc8 14. exf5 Qa5+
15. Nc3 Bxf5 16. Qd5 Qb6 17. O-O-O Be7 18. h4 O-O 19. g4 Be6 20. Qe4 Nd4 21. Bd3
f5 22. gxf5 Bxf5 23. Qd5+ Kh8 24. Ne4 Qc7 25. c3 Be6 0-1

[Event "AUTO-OPEN-4098"]
[Site "http://www.queenalice.com/game.php?id=1615969"]
[Date "2020.6.10"]
[Round "3"]
[White "uschmidi"]
[Black "echo92"]
[Result "0-1"]
[WhiteElo "1898"]
[BlackElo "2115"]

1. d4 Nf6 2. Bf4 d6 3. Nf3 g6 4. h3 Bg7 5. e3 O-O 6. Bc4 d5 7. Bb3 b6 8. O-O Bb7
9. Nbd2 Nbd7 10. c3 c5 11. Re1 Rc8 12. a4 Ne4 13. Nxe4 dxe4 14. Nd2 e5 15. dxe5
Bxe5 16. Bh6 Bg7 17. Bxg7 Kxg7 18. Nc4 Ba6 19. Nd6 Rc6 20. Nxe4 Ne5 21. Bd5 Rc7
22. Qb3 c4 0-1

[Event "AUTO-OPEN-4098"]
[Site "http://www.queenalice.com/game.php?id=1615970"]
[Date "2020.6.10"]
[Round "3"]
[White "echo92"]
[Black "uschmidi"]
[Result "1-0"]
[WhiteElo "2120"]
[BlackElo "1891"]

1. d4 d5 2. c4 e6 3. Nc3 f5 4. g3 Nf6 5. Bg2 c6 6. Nf3 Bd6 7. O-O O-O 8. b3 Ne4
9. Qc2 Qf6 10. a4 Na6 11. c5 Bc7 12. Ba3 Bd7 13. b4 b5 14. axb5 cxb5 15. Nd2
Nxc3 16. Qxc3 Bc6 17. f3 e5 18. e4 exd4 19. Qd3 dxe4 20. fxe4 Qe6 21. exf5 Qf6
22. Ne4 Bxe4 23. Bxe4 Rad8 24. Bb2 Nxb4 25. Qb3+ 1-0

[Event "AUTO-OPEN-4192"]
[Site "http://www.queenalice.com/game.php?id=1619306"]
[Date "2020.7.5"]
[Round "1"]
[White "echo92"]
[Black "Artking"]
[Result "0-1"]
[WhiteElo "2132"]
[BlackElo "1956"]

1. d4 Nf6 2. c4 g6 3. Nc3 Bg7 4. e4 d6 5. Nf3 Nbd7 6. Be2 c6 7. O-O O-O 8. h3 e5
9. Be3 a6 10. Qd2 Qe8 11. d5 c5 12. a3 Nh5 13. b4 b6 14. bxc5 bxc5 15. Ne1 Nf4
16. Rb1 Nxe2+ 17. Qxe2 f5 18. f3 Nf6 19. Nd3 Nh5 20. Bf2 fxe4 21. fxe4 Nf4 22.
Qc2 Qe7 23. Na4 Bd7 24. Nb6 Nxh3+ 25. gxh3 Qg5+ 26. Kh2 Bxh3 27. Rg1 Qh5 28. Rh1
Rf3 0-1

[Event "AUTO-OPEN-4192"]
[Site "http://www.queenalice.com/game.php?id=1619307"]
[Date "2020.7.5"]
[Round "1"]
[White "Artking"]
[Black "echo92"]
[Result "0-1"]
[WhiteElo "1949"]
[BlackElo "2125"]

1. e4 c5 2. Nf3 Nc6 3. d4 cxd4 4. Nxd4 Nf6 5. Nc3 e5 6. Ndb5 d6 7. Bg5 a6 8. Na3
b5 9. Nd5 Be7 10. c3 Nxd5 11. exd5 Nb8 12. Be3 O-O 13. h4 f5 14. h5 f4 15. Bd2
Nd7 16. h6 g6 17. b4 Bb7 18. Bd3 Bxd5 19. c4 Bxg2 20. Rg1 f3 21. Nc2 Bh4 22. Be3
Nf6 23. c5 d5 24. Bf1 d4 25. Bc1 Bxf2+ 26. Kxf2 Ne4+ 0-1

[Event "AUTO-OPEN-4192"]
[Site "http://www.queenalice.com/game.php?id=1619308"]
[Date "2020.7.5"]
[Round "1"]
[White "echo92"]
[Black "Palmeiras"]
[Result "0-1"]
[WhiteElo "2126"]
[BlackElo "2613"]

1. d4 Nf6 2. c4 e6 3. Nc3 Bb4 4. Qc2 O-O 5. a3 Bxc3+ 6. Qxc3 b6 7. Bg5 Bb7 8. e3
d6 9. Ne2 Nbd7 10. Qc2 h6 11. Bh4 c5 12. Rd1 Qe7 13. f3 d5 14. Nc3 cxd4 15. Rxd4
e5 16. Nxd5 Bxd5 17. Rxd5 g5 18. Rd1 gxh4 19. g3 e4 20. f4 Nc5 21. b4 Nd3+ 22.
Bxd3 exd3 23. Rxd3 Rad8 24. O-O Rxd3 25. Qxd3 hxg3 26. hxg3 Rd8 27. Qe2 Qe4 28.
g4 Rd3 29. Rf3 Nxg4 30. Rg3 h5 0-1

[Event "AUTO-OPEN-4192"]
[Site "http://www.queenalice.com/game.php?id=1619309"]
[Date "2020.7.5"]
[Round "1"]
[White "Palmeiras"]
[Black "echo92"]
[Result "1-0"]
[WhiteElo "2612"]
[BlackElo "2127"]

1. e4 c5 2. Nf3 Nc6 3. d4 cxd4 4. Nxd4 Nf6 5. Nc3 e5 6. Nb3 Bb4 7. Bd2 Bxc3 8.
Bxc3 Nxe4 9. Qg4 Nf6 10. Qxg7 Rg8 11. Qh6 d5 12. O-O-O Rg6 13. Qe3 Ne4 14. Bb5
Be6 15. Bxe5 Qb6 16. Bxc6+ bxc6 17. Bd4 Qc7 18. g3 a5 19. Rhe1 Kf8 20. Bb6 Qb7
21. f3 Nd6 22. Bc5 Qc7 23. Qe5 Bh3 24. Qh8+ Rg8 25. Qxh7 Be6 26. Rxe6 1-0

[Event "AUTO-MASTER-2988"]
[Site "http://www.queenalice.com/game.php?id=1625366"]
[Date "2020.8.29"]
[Round "1"]
[White "chessman"]
[Black "echo92"]
[Result "0-1"]
[WhiteElo "1849"]
[BlackElo "2115"]

1. e4 c5 2. c3 d5 3. e5 Nc6 4. d4 e6 5. f4 Nge7 6. Nf3 Nf5 7. Be2 Be7 8. O-O O-O
9. g4 Nh4 10. Nxh4 Bxh4 11. f5 exf5 12. gxf5 Bg5 13. Bxg5 Qxg5+ 14. Kh1 Bxf5 15.
Bf3 Rad8 16. Rg1 Qf4 17. Na3 cxd4 18. cxd4 Nxd4 19. Bg2 Be4 20. Rf1 Bxg2+ 21.
Kxg2 Qxe5 22. Nc2 Qe4+ 0-1

[Event "AUTO-MASTER-2988"]
[Site "http://www.queenalice.com/game.php?id=1625367"]
[Date "2020.8.29"]
[Round "1"]
[White "echo92"]
[Black "chessman"]
[Result "1-0"]
[WhiteElo "2132"]
[BlackElo "2030"]

1. d4 d5 2. c4 c6 3. Nf3 Nf6 4. Nc3 e6 5. e3 Be7 6. Qc2 O-O 7. b3 Re8 8. Bb2
Nbd7 9. Bd3 c5 10. O-O cxd4 11. exd4 a6 12. Rfe1 h6 13. Rad1 Nf8 14. Ne5 Bd7 15.
c5 Bc6 16. b4 Rc8 17. a4 Qc7 18. b5 axb5 19. axb5 Bd7 20. b6 Qd8 21. Ra1 Ra8 22.
Rxa8 Qxa8 23. Ra1 Qb8 24. f4 Bc8 25. Nb5 N6d7 26. Nc7 Rd8 27. Ra8 1-0

[Event "AUTO-MASTER-2988"]
[Site "http://www.queenalice.com/game.php?id=1625378"]
[Date "2020.8.29"]
[Round "1"]
[White "Artking"]
[Black "echo92"]
[Result "0-1"]
[WhiteElo "1948"]
[BlackElo "2158"]

1. d4 Nf6 2. c4 e6 3. Nf3 b6 4. g3 Bb7 5. Bg2 Be7 6. O-O O-O 7. Nc3 d5 8. Ne5
Ne4 9. Nxe4 dxe4 10. Be3 Nd7 11. Nxd7 Qxd7 12. Qc2 f5 13. Rad1 Rad8 14. c5 Qe8
15. b4 Qh5 16. a4 Bd5 17. b5 g5 18. cxb6 cxb6 19. h3 Rc8 20. Qd2 Rc4 21. Ra1 Bb4
22. Qb2 Bc3 23. Qa2 Bxa1 24. Rxa1 Rfc8 25. Kh2 Rc2 26. Qa3 Kf7 27. Qd6 R8c7 28.
Bf1 h6 29. a5 bxa5 30. Rxa5 Qg6 31. Qa3 f4 32. gxf4 gxf4 33. Bxf4 R2c3 34. Qd6
e3 35. Bxe3 Qe4 36. Qf4+ Qxf4+ 37. Bxf4 Rd7 38. Bxh6 Kg6 39. Bf4 Kf5 40. Be5 Rh7
41. f3 Bc4 42. Ra4 Kg6 43. Ra6 Rc1 44. Bg2 Rb7 45. f4 Rxb5 46. Be4+ Kf7 47.
Rxa7+ Kg8 48. Bh7+ Kf8 49. Rc7 Rb2 50. Bg7+ Ke8 51. Bd3 Bxd3 52. Rxc1 Rxe2+ 53.
Kg3 Kf7 54. Rc7+ Kg6 55. Kf3 Rh2 56. Kg3 Rh1 0-1

[Event "AUTO-MASTER-2988"]
[Site "http://www.queenalice.com/game.php?id=1625379"]
[Date "2020.8.29"]
[Round "1"]
[White "echo92"]
[Black "Artking"]
[Result "1-0"]
[WhiteElo "2152"]
[BlackElo "1967"]

1. d4 Nf6 2. c4 g6 3. Nc3 Bg7 4. e4 d6 5. Nf3 Nbd7 6. Be2 e5 7. d5 O-O 8. O-O a6
9. Ne1 Qe8 10. Be3 h5 11. b4 b6 12. Nd3 Ng4 13. Bxg4 hxg4 14. Qxg4 Nc5 15. Qd1
Nxd3 16. Qxd3 f5 17. f3 f4 18. Bf2 g5 19. c5 bxc5 20. bxc5 Qh5 21. cxd6 cxd6 22.
Na4 a5 23. Nb6 Ra7 24. Nxc8 1-0

[Event "AUTO-MASTER-2988"]
[Site "http://www.queenalice.com/game.php?id=1625386"]
[Date "2020.8.29"]
[Round "1"]
[White "echo92"]
[Black "cerenzo72"]
[Result "1-0"]
[WhiteElo "2119"]
[BlackElo "2151"]

1. d4 Nf6 2. c4 d6 3. Nc3 Nbd7 4. e4 e5 5. Nf3 Be7 6. Be2 c6 7. O-O O-O 8. h3
exd4 9. Nxd4 Nb6 10. Be3 c5 11. Ndb5 a6 12. Na3 Qc7 13. Qd2 Nxc4 14. Bxc4 b5 15.
Bd5 Nxd5 16. Nxd5 Qd7 17. Nb6 Qc6 18. Nxa8 Qxa8 19. f3 Be6 20. Rfd1 Rd8 21. Qf2
Qc6 22. Rac1 Bxa2 23. Nc2 d5 24. Nb4 Qe6 25. Bxc5 Bxc5 26. Qxc5 Bc4 27. Nxd5
Bxd5 28. Rxd5 Ra8 29. Rd6 Qe7 30. Rcd1 1-0

[Event "AUTO-MASTER-2988"]
[Site "http://www.queenalice.com/game.php?id=1625387"]
[Date "2020.8.29"]
[Round "1"]
[White "cerenzo72"]
[Black "echo92"]
[Result "0-1"]
[WhiteElo "2122"]
[BlackElo "2141"]

1. b3 e5 2. Bb2 Nc6 3. e3 d5 4. Bb5 Bd6 5. Bxc6+ bxc6 6. d3 Nf6 7. h3 O-O 8. Nd2
a5 9. Ngf3 Re8 10. O-O a4 11. a3 axb3 12. Nxb3 Qe7 13. Qc1 h6 14. c3 Ba6 15. Qc2
Rab8 16. Na5 Bxd3 17. Qxd3 Rxb2 18. Nxc6 Qd7 19. Ncxe5 Bxe5 20. Nxe5 Rxe5 21. a4
Ne4 22. f4 Re8 23. a5 Rd2 24. Qb1 Nxc3 25. Qe1 Ne4 26. a6 Qb5 27. Qc1 Qe2 28.
Qxd2 Qxd2 29. Rfe1 Ra8 30. a7 Rxa7 0-1

[Event "AUTO-MASTER-2988"]
[Site "http://www.queenalice.com/game.php?id=1639131"]
[Date "2021.1.7"]
[Round "2"]
[White "Rutty"]
[Black "echo92"]
[Result "0-1"]
[WhiteElo "2131"]
[BlackElo "2151"]

1. e4 c5 2. Nf3 Nc6 3. Bc4 e6 4. O-O Nf6 5. e5 Ng4 6. Re1 Qc7 7. d4 cxd4 8. Nxd4
Ngxe5 9. Bb3 Bc5 10. Nxc6 bxc6 11. Qe2 Ng6 12. Nc3 O-O 13. Ne4 Be7 14. Bd2 d5
15. Ng3 a5 16. c3 Ba6 17. Qe3 Bd6 18. Bc2 Rab8 19. b3 Bf4 20. Qd4 c5 21. Bxf4
Nxf4 22. Qe3 a4 23. Qe5 Qxe5 24. Rxe5 f6 25. Ree1 Kf7 26. Rad1 Kg8 27. Nf1 Kf7
28. bxa4 Ne2+ 29. Kh1 Nxc3 30. Ra1 d4 31. Nd2 c4 32. Ne4 Nxe4 33. Bxe4 Rb2 34.
f4 c3 35. f5 exf5 36. Bxf5 g6 37. Be6+ Kg7 38. Bb3 d3 39. Re7+ Kh6 0-1

[Event "AUTO-MASTER-2988"]
[Site "http://www.queenalice.com/game.php?id=1639132"]
[Date "2021.1.7"]
[Round "2"]
[White "echo92"]
[Black "Rutty"]
[Result "0-1"]
[WhiteElo "2164"]
[BlackElo "2142"]

1. d4 d5 2. c4 dxc4 3. e3 e5 4. Bxc4 exd4 5. exd4 Bd6 6. Nf3 Ne7 7. Nc3 O-O 8.
O-O Bg4 9. Qd3 Nbc6 10. Nd2 Nf5 11. Nde4 Nfxd4 12. Bg5 Be7 13. Bxe7 Nxe7 14. f3
Bh5 15. Rad1 c5 16. Nxc5 Nec6 17. Nd5 Qg5 18. Kh1 Nf5 19. Bb3 Nh4 20. Rf2 Ne5
21. Qd2 Qxd2 22. Rdxd2 b6 23. Ne7+ Kh8 24. Ne4 Rae8 25. Nd5 Nexf3 26. gxf3 Bxf3+
27. Rxf3 Nxf3 28. Re2 Nd4 0-1

[Event "Challenge"]
[Site "http://www.queenalice.com/game.php?id=1650087"]
[Date "2021.4.19"]
[Round "-"]
[White "noroc"]
[Black "echo92"]
[Result "1-0"]
[WhiteElo "2114"]
[BlackElo "2151"]

1. d4 Nf6 2. Nf3 d5 3. c4 c6 4. e3 e6 5. Bd3 Be7 6. O-O dxc4 7. Bxc4 b5 8. Bd3
Bb7 9. Nc3 a6 10. Bd2 Nbd7 11. Rc1 O-O 12. Qc2 c5 13. b3 Rc8 14. Qb1 Qb6 15. Ne2
Rfd8 16. Ng5 h6 17. Nf3 cxd4 18. Nfxd4 Ne5 19. Bc2 Bd6 20. a4 b4 21. Qb2 Ne4 22.
Bb1 Nxd2 23. Qxd2 Ng4 24. h3 Rxc1 25. Rxc1 Nf6 26. Qb2 Ba8 27. Bd3 Be5 28. Rc4
Qb7 29. f3 Nd5 30. Kf2 Qb6 31. Be4 f5 32. Bd3 f4 33. a5 fxe3+ 34. Kg1 Nc3 35.
axb6 1-0